Quizzes
Events
Quiz Creation
Community
Videos
Private Events
Remove Ads
Sign In
Join for FREE
Feedback
Dark Mode
Quiz Categories
Sports
Geography
Music
Movies
Television
Just For Fun
Miscellaneous
History
Literature
Language
Science
Gaming
Entertainment
Religion
Holiday
For Kids
Quiz Lab
Recent
Popular Today
Quiz Kudos Today
Editor Picks
Curator Picks
Quizzes by...
Day
Popularity
Type
Ratings
Length
Year
Community
Subscriptions
Recent Discussions
Orange Saloon
Badges
Playlists
Quests
Create
Leaderboards
Showdown
Live 5
Trivia Bingo
Activity
Puzzle Library
Sporcle Events
Private Events
Virtual Trivia
Globe League
Become a Host
Pub Owners
SporcleCon
Opinionation
Our Games
Videos
Blog
Mobile Apps
Partnerships
Remove Ads and Go Orange
Feedback
Entertainment
Celebrity
Famous
Musical
Broadway
Show
Quote
Comic Books
Anime
Superhero
DC Comics
Marvel
Cartoons
Animation
Entertainment
Celebrity
Famous
Musical
Broadway
Show
Quote
Comic Books
Anime
Superhero
DC Comics
Marvel
Cartoons
Animation
Random Quiz
Search Sporcle
×
Quiz Lab
Quiz Lab
Entertainment
Marvel
Type in answers that appear in a list
Type in answers that appear in a list
Classic
Best Score? Go Orange.
Marvel Events Stats
Can you name the Can you name that Marvel event??
By
waffle207
10m
9 Questions
527 Plays
527 Plays
527 Plays
Comments
Comments
Give Quiz Kudos
Give Quiz Kudos
-
- Ratings
hide this ad
Replay
Link that replays current quiz
Next Quiz
Link to next quiz in quiz playlist
You Got
0%
They Got
Avg Score
64%
Avg Friend Score
Upgrade to see
Score Distribution
Jump to the score distribution portion of the page
Score
0/9
Timer
10:00
0
Plays Today
Summary
Event
% Correct
The Super-
Humans Registration Act splits Captain America and Iron man and the whole super-
hero community against each other
Civil War
98.5%
A large group of Heroes and Villians are picked to battle on a battleworld
Marvel Super-Heroes Secret Wars
84.4%
The Skrull Empire infiltrates Earth for years and attacks our heroes in a desprate attempt to expand their empire
Secret Invasion
75.9%
The Incredible Hulk returns to Earth to seek revenge of those who sent him into space
World War Hulk
75.9%
Spider-
Man questions his true existents when Ben Reily comes into the picture
The Clone Saga
63.9%
The Dark Avengers and thier allies attack Asgard after a fixed attack in chicago
Siege
62.4%
After killing thier Queen, Norman Osborn takes power and reshapes the country in his vision
Dark Reign
60.2%
The Avengers are place through a series of events due to a crazied member
Avengers Disassembled
50.1%
Carnage escapes from prision and gathers a rag-
tag group of Villians and wrecks havok all over New York
Maxium Carnage
8%
Quiz Playlist
Details
Report
Send in Message
Add To Playlist
Classic:
Type in answers that appear in a list
Last Updated: Feb 16, 2017
Quiz Scoreboard
CHALLENGE
Sign Up to Join the Scoreboard
Show All
Scores
Hide
Comments
May contain spoilers
Recently Published
Alphabetical 'K' Countries by Flag Minefield
by ylime102
Geography
3m
Pick 6: Fruits
by JohnFran
Miscellaneous
15s
Click the 1999 NBA Draft
by nibperrychub
Sports
2m
More to Explore
Quiz From the Vault
Featured Blog Post
15 Basketball Trivia Facts You Can Be March Mad About
hide this ad
You Might Also Like...
Tags
Marvel Quiz
Event
Summary
Today's Top Quizzes in Entertainment
Browse Entertainment
hide this ad
Today's Top Quizzes in Marvel
Browse Marvel
Top Contributed Quizzes in Entertainment
1
Eurovision 2023 Logic Puzzle
2
The Joker Actors by Order
3
Spider-Man Actors by Order
4
Click the Fictional Bruce
5
Click the Fictional John
6
Picture Click Blitz: Snow White
7
Marvel, Role-Playing, Shakespeare, and Cats, Oh My!
8
Click the Fictional Jane
9
Double Word Hourglass: Comic Book Publishers
10
The Incredible Hulk Actors by Order
Explore More
Trending Topics
Harry Potter
Anime
Marvel
Kpop
Crossword
NBA
Disney
Pokémon
NFL
The Office
Country
Puzzle
Soccer
Song
WWE
hide this ad
More By:
waffle207
Quiz
Plays
Rating
Category
Featured
Created
WWII - Declarations of War
529
1.64
History
Apr 28, 2010
Marvel Events
527
1.71
Entertainment
Apr 28, 2010
Quiz of the Second World War. PT. I
519
1.50
History
May 1, 2010
Complete Avengers Line-Up (1963-2010)
289
1.50
Entertainment
May 1, 2010
Prelude to War
90
1.00
History
Apr 28, 2010
Go to Creator's Profile
Score Distribution
Quiz Creator Spotlight
waffle207
Follow
Send a Message
Quizzes Created
-
Created Quiz Play Count
-
More By This Creator
Popular Quizzes Today
1
Countries of Asia Without Outlines Minefield
2
Find the US States - No Outlines Minefield
3
Pick 6: Fruits
4
Alphabetical 'K' Countries by Flag Minefield
5
The Countries of the World
6
Find the US States
7
US States
8
Match the Book to the Film X
More Entertainment Quizzes
Find the Cartoon Birds
Published
Trending Quizzes
Pick 6: Harry Potter
Pick 6: Mountains
Pick 6: NFL Teams
Pick 6: Flags
Pick 6: Movie Franchises
Recently Updated
NWSL Teams
pecheneg
Women's Final Four Teams by Year
bhenderson79
Presidents Quartet II
eogle
Anything But Clue(do)
eogle
Anything But Oceanian Capitals
eogle
Anything But 7
eogle
Anything But Thing
eogle
Word Ladder: February 29
pecheneg
Song Title Questions
pecheneg
Women's NCAA Tournament #1 Seeds
pecheneg
Trending Topics
Harry Potter
NBA
Crossword
Anime
Marvel
Disney
Kpop
WWE
NFL
Country
Song
Puzzle
The Office
Soccer
Pokémon
Your Account Isn't Verified!
In order to create a playlist on Sporcle, you need to verify the email address you used during registration. Go to your
Sporcle Settings
to finish the process.
Report this User
Report this user for behavior that violates our
Community Guidelines
.
Details:
Send Report
Go to the Sporcle.com Mobile Site →
Comments